Memoria de las actividades del Instituto de Investigación Textil y de Cooperación Industrial daserrolladas durante el año 1981.
Descripción Física:
35 p. ; 22 cm
MARC
| LEADER | 00000nam a2200000Ia 4500 | ||
|---|---|---|---|
| 001 | 15877 | ||
| 003 | BGR | ||
| 005 | 20260324180119.0 | ||
| 008 | 160829s1981 xx 000 0 cat d | ||
| 080 | |a FU-40-32 | ||
| 110 | 2 | |a Instituto de Investigación Textil y de Cooperación Industrial (Barcelona) |9 71169 | |
| 245 | |a Memoria de las actividades del Instituto de Investigación Textil y de Cooperación Industrial daserrolladas durante el año 1981. | ||
| 260 | |a Terrassa : |b [Universitat Politècnica de Barcelona], |c 1981 | ||
| 300 | |a 35 p. ; |c 22 cm | ||
| 590 | |a Prové de G-545, exp. 20. | ||
| 650 | |a Instituto de Investigación Textil y de Cooperación Industrial (Barcelona) |x Memòries |9 46774 | ||
| 710 | 2 | |a Universitat Politècnica de Catalunya |9 54344 | |
| 901 | |a Arxiu | ||
| 942 | |n 1 |2 udc |c MON | ||
| 952 | |0 0 |1 0 |4 0 |6 FU4032 |7 1 |9 53439 |a Arxiu |b Arxiu |d 2016-12-01 |l 0 |o FU-40-32 |p 15877 |r 2016-12-01 00:00:00 |w 2016-12-01 |y ARXIU | ||
| 999 | |c 57305 |d 57305 | ||